[Event "EU-chT (Men) 11th"]
[Site "Pula"]
[Date "1997.05.??"]
[Round "1.1"]
[White "Efimov, Igor"]
[Black "Nikolic, Predrag"]
[Result "1/2-1/2"]
[WhiteElo "2530"]
[BlackElo "2655"]
[Annotator "Tsesarsky,I"]
[PlyCount "63"]
[EventDate "1997.05.05"]
[EventType "team-swiss"]
[EventRounds "9"]
[EventCountry "CRO"]
[SourceTitle "CBM 057 Extra"]
[Source "ChessBase"]
[SourceDate "1997.05.01"]
[SourceVersion "1"]
[SourceVersionDate "1997.05.01"]
[SourceQuality "1"]
[WhiteTeam "Italy"]
[BlackTeam "Bosnia&Herzegovina"]
[WhiteTeamCountry "ITA"]
[BlackTeamCountry "BIH"]

1. d4 Nf6 2. c4 e6 3. Nc3 d5 4. Bf4 Bd6 5. Bxd6 (5. Bg3 O-O (5... c6 6. e3 O-O
(6... Bxg3 7. hxg3 Nbd7 8. g4 (8. Nf3 $14) 8... g6 9. Nh3 Qb6 10. Rb1 dxc4 11.
Bxc4 Qb4 12. Be2 Nd5 13. Qd3 {Skogen,S-Lahlum,H/Gausdal Troll Masters 1991/0-1
(61)} (13. Qc2 $14)) 7. Nf3 Ne4 8. Nxe4 dxe4 9. Bxd6 Qxd6 10. Nd2 f5 11. c5 Qe7
12. Nc4 b6 13. b4 $14 {Zeit 1-0 Tyrtania,M-Heimbrodt,W/OLNO 1992 (38)}) (5...
b6 6. e3 Bb7 7. cxd5 Nxd5 8. Nf3 Nxc3 9. bxc3 Nd7 10. Bd3 h6 11. Qe2 Qe7 $11 {
Teichmann,R-Mason,J/Hastings 1895/1-0 (67)}) 6. e3 b6 7. Nf3 (7. Rc1 Bb7 8.
cxd5 Bxg3 9. hxg3 exd5 10. Bd3 h6 11. g4 Re8 12. g5 hxg5 13. Nf3 c5 14. Nxg5
cxd4 15. Rh8+ Kxh8 16. Nxf7+ Kg8 17. Nxd8 $18 {1-0 Janowski David M-Maroczy
Geza/It 1899 (23)}) 7... Bb7 8. cxd5 exd5 9. Bd3 c5 10. Rc1 Qe7 11. Bxd6 Qxd6
12. dxc5 bxc5 13. Qb3 Qe7 14. Qa3 Nbd7 15. Na4 Rfc8 16. O-O Kf8 $14 {1/2-1/2
Bareev,E-Yudasin,L/Tallinn rapid Cup-URS 1988 (32)}) 5... Qxd6 6. e3 (6. Nb5
Qb4+ 7. Qd2 Qxd2+ 8. Kxd2 Ne4+ (8... Kd8 $11) 9. Ke1 Na6 10. cxd5 exd5 11. f3
Nf6 12. Rc1 O-O $2 (12... c6 $11) 13. Nxc7 Nxc7 14. Rxc7 $16 {1-0 Michels,
H-Reuter,A/RL-op Polch 1993 (28)}) 6... O-O (6... Qd8 7. Nf3 Nbd7 8. cxd5 exd5
9. Bd3 O-O 10. O-O c6 11. b4 $14 {1-0 Borek,J-Aichner,A/Lienz op 1988 (48)}) (
6... Qb4 7. Qd2 $6 (7. a3 $1 $14) 7... dxc4 8. Nf3 b5 9. a4 c6 10. Ne5 $44 {
1/2-1/2 Schneiders,A-Parigini,L/Lugano op 1989 (22)}) (6... a6 7. c5 Qe7 8. Bd3
O-O 9. Nf3 (9. f4 b6 10. cxb6 c5 11. Nf3 Nbd7 $132) 9... Nbd7 10. O-O e5 11.
Bc2 e4 12. Nd2 Re8 13. Re1 (13. b4 c6 14. a4 $14) 13... c6 14. f3 exf3 15. Qxf3
Nf8 16. h3 Ne6 $11 {1/2-1/2 Schaper,B-Diaz,A/WchJM-U12 Duisburg 1992 (41)}) 7.
Nf3 b6 (7... Nbd7 8. cxd5 Nxd5 9. Bd3 c5 10. O-O cxd4 11. Nxd5 Qxd5 12. exd4 b6
13. Re1 Nf6 14. Re5 Qd6 15. Be4 Rb8 16. Rc1 Rd8 $15 {Fihl Jensen,F-Rajkovic,D/
Ybbs ol st 1968/1/2-1/2 (87)}) 8. cxd5 (8. Bd3 dxc4 (8... Ba6 9. cxd5 Nxd5 10.
Rc1 $14) 9. Bxc4 Bb7 10. O-O c5 $11) 8... exd5 9. Be2 $14 a6 10. O-O Nbd7 11.
Qc2 (11. a3 Bb7 (11... c5 12. dxc5 bxc5 13. b4 $14) 12. b4 Ne4 13. Nxe4 (13.
Rc1 f5 $11) 13... dxe4 14. Nd2 $14) 11... Bb7 12. Rfd1 Ne4 13. Nxe4 (13. a3 f5
14. Rac1 Rae8 15. b4 c6 (15... f4 $2 16. Nxe4 dxe4 17. Qxc7 $18) 16. Qb3 Kh8
17. Re1 Nxc3 (17... f4 18. Nxe4 dxe4 19. Ng5 f3 20. Bf1 (20. Nf7+ Rxf7 21. Qxf7
Rf8 22. Qh5 fxe2 23. Rxe2 Nf6 $15) 20... Qf6 21. Nh3 Qh4 22. Nf4 Nf6 23. g3 Qh6
24. h4 (24. a4 g5 $15) 24... Nh5 25. Nxh5 Qxh5 26. a4 $14) 18. Rxc3 f4 $132)
13... dxe4 14. Nd2 Nf6 (14... f5 $14) 15. b4 (15. Nc4 Qe7 16. Rac1 $14 (16. Ne5
Qd6 $5 (16... c5 $6 17. Nc4 cxd4 (17... Nd5 18. Qb3 Qc7 19. dxc5 Qxc5 20. Rd4
Rad8 (20... Nf4 21. Bf1 $16) 21. Rad1 Qc7 22. a4 $14 (22. Rxe4 $2 Nc3 $1 $15))
18. Rxd4 Rac8 19. Qb3 b5 20. Nd6 $16))) 15... Bd5 (15... Qxb4 16. Qxc7 $16) 16.
a3 (16. Rab1 c6 17. a4 Rfd8 18. Rdc1 $14) 16... c6 17. h3 a5 18. Qc3 $5 (18.
Nc4 $1 Bxc4 (18... Qc7 19. bxa5 $14) 19. Qxc4 axb4 (19... Nd5 $5 20. bxa5 (20.
b5 cxb5 21. Qb3 a4 (21... b4 22. axb4 Nxb4 $17)) 20... Rxa5 21. Rdc1 (21. Rac1
Rc8 22. a4 Nb4 $1 $11) 21... Rc8 22. a4 Rc7 23. Rab1 Qg6 24. Qc2 h6 25. Bc4
Rca7 26. Bxd5 cxd5 27. Qc8+ Kh7 28. Rc6 Qh5 (28... Ra8 29. Qxa8 Rxa8 30. Rxg6
fxg6 31. Rxb6 Rxa4 32. Rb5 $18) 29. Rcxb6 Rxa4 30. Rb8 $16) 20. axb4 Nd5 21. b5
cxb5 22. Qb3 b4 23. Bc4 Rxa1 24. Rxa1 Nc7 (24... Nc3 25. Bxf7+ $1 $16) 25. Rb1
b5 26. Bf1 $14) (18. b5 Rac8 19. bxc6 Rxc6 20. Qb2 Rfc8 21. Rac1 $14) 18... Ra7
19. Rdb1 $5 (19. bxa5 $144 Rxa5 20. Nc4 (20. Rdb1 c5 21. Nc4 Bxc4 22. Bxc4 cxd4
23. Qxd4 Qxd4 24. exd4 Nd5 25. a4 Rd8 26. Rb5 Kf8 $11) 20... Bxc4 21. Qxc4 Rfa8
22. Rac1 $14) 19... axb4 20. axb4 Rfa8 21. Rxa7 Rxa7 22. b5 Rc7 (22... Ra3 23.
Qc1 $14) 23. bxc6 Rxc6 24. Qb2 Qc7 25. Bd1 (25. Nf1 h5 (25... Rc2 26. Qxb6 $18)
26. Ng3 g6 27. Bd1 h4 28. Ne2 Rd6 (28... Bc4 $2 29. Ba4 $18) 29. Nf4 $16) 25...
h5 26. Ba4 (26. Nf1 h4 27. Ba4 {this game} Rc3) 26... Rc3 27. Nf1 h4 28. Nd2 (
28. Qxb6 $142 Qxb6 29. Rxb6 Rc1 30. Bb3 $5 (30. Rb8+ Kh7 31. Bb5 Rb1 32. Kh2
Bc4 33. Bxc4 Rxb8 34. Bxf7 $11) 30... Bxb3 (30... Rb1 31. Rxf6 Bxb3 (31... Rxb3
32. Rd6 $16 {[%cal Gf1d2]}) 32. Rb6 $16) 31. Rxb3 Nd5 32. g3 (32. Rb2 f5) (32.
f3 f5 $11) 32... hxg3 33. fxg3 f5 34. Kf2 Rc2+ 35. Ke1 Kf7 $14) 28... g6 29.
Bd1 (29. Qxb6 Rc1+ 30. Nf1 Qxb6 (30... Rxf1+ 31. Kxf1 Qh2 32. Qb8+ $18) 31.
Rxb6 Bc4 (31... Kg7 32. Bb3 Rb1 33. Rxf6 Rxb3 (33... Bxb3 34. Rb6) 34. Rd6 Bb7
(34... Bc4 35. Nd2 $18) 35. Nd2 $16) (31... Nh5 32. Bb3 Bxb3 (32... Rb1 33.
Rxg6+ fxg6 34. Bxd5+ Kg7 35. Bxe4 $16) 33. Rxb3 f5 $14) 32. Rxf6 Rxf1+ 33. Kh2
Kg7 34. Rf4 f5 35. Bc6 Be6 {[%cal Gg6g5]} 36. d5 (36. Rxh4 Rxf2 37. Kg3 Re2 38.
Kf4 Kf6 39. Rh6 Rxg2 $17) 36... Bc8 37. Rxh4 Rxf2 38. Kg3 Re2 (38... Rf1 39.
Rf4 Rd1 40. Rf2 $16) 39. Kf4 Rxg2 40. Ke5 Re2 41. d6 Rxe3 42. d7 Bxd7 43. Bxd7
$11) 29... Rc6 30. Ba4 Rc3 31. Bd1 Rc6 32. Ba4 1/2-1/2

[Event "RUS-chT 07th"]
[Site "Smolensk"]
[Date "2000.04.20"]
[Round "6"]
[White "Chuprikov, Dmitry"]
[Black "Karpov, Alexander"]
[Result "1-0"]
[WhiteElo "2365"]
[BlackElo "2423"]
[Annotator "Tsesarsky,I"]
[PlyCount "115"]
[EventDate "2000.04.15"]
[EventType "team-tourn"]
[EventRounds "11"]
[EventCountry "RUS"]
[SourceTitle "CBM 077"]
[Source "ChessBase"]
[SourceDate "2000.07.27"]
[SourceVersion "1"]
[SourceVersionDate "2000.07.27"]
[SourceQuality "1"]
[WhiteTeam "Voronezh OShK"]
[BlackTeam "Novosibirsk Transsib"]
[WhiteTeamCountry "RUS"]
[BlackTeamCountry "RUS"]

{[%mdl 32]} 1. Nf3 d5 2. d4 e6 3. Bf4 Bd6 4. e3 (4. Bg3 $11 {-mainline}) 4...
Ne7 (4... Bxf4 5. exf4 Qd6 6. Qd2 Nf6 (6... b6 {Right plan} 7. Nc3 a5 8. Bd3
Ba6 9. f5 exf5 10. Bxf5 Ne7 11. Bd3 O-O 12. O-O $11 {1-0 Storm,R-Blatny,P/BL2N
1991/ (30)}) (6... Ne7 7. Nc3 (7. Bd3 b6 $1 (7... c5 8. dxc5 Qxc5 9. Nc3 Nbc6
10. O-O-O Bd7 11. Rhe1 O-O-O 12. a3 $14 {1/2-1/2 Del Bosco,R-Marques,V/Sao
Paulo BRA 1999/ (62)}) 8. O-O Ba6 9. Bxa6 Nxa6 10. Nc3 c6 11. Ne2 O-O $11 {
1-0 Soppe,G-Markeluk,S/Buenos Aires Najdorf qual ,EXT 1992/ (50)}) 7... b6 $1 {
Right plan} (7... a6 8. Bd3 c5 9. dxc5 Qxc5 10. O-O Nd7 11. Rfe1 Nf6 12. Ne5 {
[%csl Rc8,Gd3] 0-1 Calvo,J-Bellon,J/Spain tch 1994/ (46) Tsesarsky: This pawn
structure give to White slight advantage.}) 8. a4 a5 9. Bd3 Ba6 10. Nb5 Qd8 11.
f5 Nxf5 12. Bxf5 Bxb5 13. axb5 exf5 14. O-O O-O 15. Rfe1 $44 {1/2-1/2 Bulcourf,
C-Cranbourne,C/(58)}) 7. Nc3 a6 $5 {How Bc8 will appear on a6?} (7... b6 $144
$132 {[%cal Gc8a6]}) 8. Bd3 b6 9. O-O O-O 10. Rfe1 c5 11. Ne5 Nc6 12. Nxc6 Qxc6
13. Qe3 Bb7 $11 {0-1 Kovacevic-Vaganian,R/Hastings 1982/(67) B appear on b7!})
5. Nbd2 (5. c3 Ng6 6. Bg3 Qe7 7. Bd3 Nd7 (7... b6 $11) 8. O-O c6 9. Nbd2 O-O
10. c4 b6 11. Qc2 $14 {[%csl Rc8,Gd3] 1-0 Salmon,N-Spears,N/Vancouver 1990/ 
(50)}) (5. Bd3 Ng6 6. Bg3 Nd7 7. Nbd2 Qe7 8. c4 O-O 9. Qc2 $14 {[%csl Rc8,Gd3]
1/2-1/2 Lematchko,T-Garcia,N/Debrecen EU ttW (7) 1992/ (61)}) 5... Bxf4 (5...
c5 6. Bxd6 Qxd6 7. Bd3 Nd7 8. O-O e5 $1 $132 (8... f5 9. c4 $1 $14 {1-0
Hvenekilde,J-Hjortshoj,M/Copenhagen op ,EXT 1993/ (18)})) 6. exf4 Qd6 7. g3 c5
$6 ({We noted that right plan is} 7... b6 {[%cal Gc8a6] and Ba6 or c7-c7 - as
played in noted game Kovacevic-Vaganian.}) 8. dxc5 Qxc5 9. c3 $14 {[%csl Rc8,
Gf1]} Nbc6 10. Bd3 b6 (10... O-O 11. O-O $14) 11. O-O Bb7 12. Re1 g6 $1 ({
Wrong was} 12... O-O $4 {[%tqu "En","?","","","d3h7","",10,"f3g5","",0]
Because of} 13. Bxh7+ Kxh7 14. Ng5+ Kg6 (14... Kg8 15. Qh5 $18) (14... Kh6 15.
Qg4 $18) 15. Qg4 f5 16. Qh4 Bc8 17. g4 {[%cal Gh4h5]} fxg4 18. Qh7+ Kf6 19. b4
$1 $18 {[%csl Rc5][%cal Gd2e4]}) (12... h6 $2 13. f5 $1 $16) 13. Qe2 O-O 14.
Nb3 Qd6 15. Rad1 a6 (15... Qc7 16. h4 $14) (15... a5 $5 $14) 16. h4 Kg7 17. Ne5
b5 $6 $16 {[%csl Rb7] Weaken black squares.} (17... Qc7 $14) 18. a3 Rae8 19.
Nd4 Nd8 (19... Nxd4 {was not solve problems:} 20. cxd4 Rc8 21. h5 $1 {White
Attack is very unpleasant for Black, without any counterplay.} f6 22. Nf3 (22.
h6+ Kxh6 23. Ng4+ Kg7 24. Qxe6 Qxe6 25. Rxe6 Nc6 26. Bf1 Rfe8 27. Rd6 Red8 28.
Rxd8 Rxd8 29. Bg2 Bc8 30. Ne3 Be6 $11) 22... Rc6 23. Nh4 Rh8 24. Qg4 Bc8 (24...
f5 25. Qg5 Rc7 (25... h6 26. Nxf5+ $1 $18) 26. h6+ Kf7 27. Nf3 Nc6 28. Re3 $16)
25. hxg6 f5 26. Qg5 (26. Qe2 hxg6 27. Kg2 $16) 26... hxg6 27. g4 Rc7 28. Rc1
Rxc1 29. Rxc1 Rh6 30. Kg2 (30. gxf5 exf5 31. Rxc8 Rxh4 $1 32. Qxh4 Nxc8 $15) (
30. b4 $16) 30... b4 31. Rh1 $1 $16 {[%csl Rh6][%cal Gh4f5,Gg5h6]}) 20. h5 f6
21. Nef3 (21. Ng4 $143 $6 Nec6 (21... gxh5 22. Ne3 $16) 22. hxg6 hxg6 23. Nf3 (
23. Kg2 Nxd4 24. cxd4 Nc6 25. Bc2 (25. Bb1 Rh8 26. Qd3 Ne7 27. Rc1 $14 (27. Rh1
$14)) 25... Rh8 26. Qd3 Ne7) 23... Rh8 24. Kg2 Nf7 $14) 21... Bc8 {B joined to
defence...} 22. hxg6 hxg6 23. Kg2 {[%cal Ge1h1]} Rh8 24. Rh1 Nf7 {[%csl Ge5,
Gg5,Gh6]} 25. Rxh8 Rxh8 26. Re1 {[%csl Re6]} Nd8 $8 {[%csl Rc8,Gd3,Gd4,Rd8,Re6]
[%cal Ge1e6] Black is lucky to stop White Attack. But pay attaention on the
big difference in pieces allocation!} 27. Bb1 Rh6 28. Qe3 {White quite free in
manoeuvres.} Qd7 (28... Nec6 29. g4 $16 {[%cal Gg4g5]} (29. Qd3 $5 e5 30. fxe5
fxe5 31. Nxc6 Nxc6 32. Ba2 Bh3+ 33. Kg1 Be6 34. Ng5 Bg8 35. a4 bxa4 36. Qxa6
$16)) 29. Nh4 Nec6 30. Rh1 Nf7 (30... Nxd4 31. cxd4 Nf7 32. Nxg6 $1 Rxg6 33.
Bxg6 Kxg6 34. Qf3 $16 {-similar this game continuation}) 31. Bxg6 $1 ({Or} 31.
Nxg6 $1 $16) 31... Rxg6 (31... Rxh4 32. Rxh4 Kxg6 33. Qf3 $16) 32. Nxg6 Kxg6
33. Qe2 (33. Qf3 $144 $16) 33... Kg7 34. Qg4+ Kf8 35. Qg6 $2 $132 ({Strong was
} 35. Rh7 $1 Ncd8 (35... Ke7 36. Nxc6+ Qxc6 37. Qg8 d4+ 38. Kg1 Qe8 39. Rxf7+
Qxf7 40. Qxc8 d3 41. Qb7+ Kf8 42. Qxf7+ Kxf7 43. Kf1 $18) 36. Qg7+ Ke7 {
and here is White's move!} 37. f5 $1 (37. g4 $2 Qd6 38. g5 Qxf4 39. Nc6+ Kd6
40. Nxd8 Qg4+ $11) (37. Rh6 $2 e5 $1 38. Qxf6+ (38. Nf3 Qf5 $17) 38... Ke8 39.
Rh8+ (39. fxe5 Nxh6 40. Qxh6 Ne6 41. Qh8+ Kf7 42. Qh7+ Kf8 43. Qh6+ Kf7 44. Nf5
Nf4+ 45. Qxf4 Qxf5 46. Qxf5+ Bxf5 47. f3 Bc2 48. g4 Ke6 49. f4 Bd1 50. Kg3 a5
51. Kh4 Be2 52. Kg5 Bd1 $11) 39... Nxh8 40. Qxh8+ Kf7 41. fxe5 Ne6 $132) (37.
Rh8 Kd6 $1 {[%cal Gf7h8]}) 37... exf5 38. Rh8 Kd6 39. Qxf6+ Kc7 40. Rh7 $16)
35... Ke7 36. Rh7 Ncd8 37. Qg7 {Here Black's move!} Qd6 (37... Qe8 38. Rh6 f5
39. Nf3 Qf8 40. Qf6+ Ke8 41. Rh7 $14) 38. Rh6 e5 39. fxe5 Qxe5 40. Rh7 Kd6 $4
$18 {[%mdl 8192] Black put mistake,probably in time pressure.} (40... Bd7 $132
{was keep approximately equal position}) 41. Qf8+ Kc7 (41... Qe7 42. Rxf7 $18)
42. Rxf7+ Nxf7 43. Qxf7+ Bd7 44. g4 {This forced turned out endgame is
absolutely lost} Qe4+ 45. f3 Qb1 46. b3 Qb2+ 47. Kg3 Qxc3 48. Qxf6 Qe1+ 49. Kf4
Qc1+ 50. Ke5 Qxa3 51. g5 Qa1 52. g6 Bc8 53. Qd6+ Kb7 54. Qxd5+ Kb8 55. g7 Qe1+
56. Kd6 Qg3+ 57. Qe5 Qg6+ 58. Kc5+ 1-0

[Event "Capablanca Memorial Elite 35th"]
[Site "Varadero"]
[Date "2000.05.08"]
[Round "2"]
[White "Miles, Anthony John"]
[Black "Lesiege, Alexandre"]
[Result "1-0"]
[WhiteElo "2579"]
[BlackElo "2582"]
[Annotator "Tsesarsky,I"]
[PlyCount "71"]
[EventDate "2000.05.07"]
[EventType "tourn"]
[EventRounds "13"]
[EventCountry "CUB"]
[EventCategory "13"]
[SourceTitle "CBM 077"]
[Source "ChessBase"]
[SourceDate "2000.07.27"]
[SourceVersion "1"]
[SourceVersionDate "2000.07.27"]
[SourceQuality "1"]

1. d4 d5 2. Nf3 Nf6 3. Bf4 e6 4. e3 c5 5. Nbd2 Nc6 6. c3 Bd6 7. dxc5 {Of
course, the center concession also don't promis to White any advantage. Like
another possibilities:} (7. Bxd6 $11 {-mainline}) (7. Ne5 $11 {-mainline}) (7.
Bg3 $11 {-mainline}) (7. Bd3 $132 Bxf4 8. exf4 Qb6 $5 (8... Qc7 9. g3 Qb6 $11 (
9... c4 10. Bc2 O-O 11. O-O b5 12. Ne5 $14 {1-0 Perdikis,C-Deras,R/
Thessaloniki 1988/ (29)})) (8... cxd4 9. Nxd4 (9. cxd4 Qb6 10. Nb3 Qb4+ 11. Qd2
Qxd2+ (11... Ne4 12. Bxe4 dxe4 13. Ne5 Qxd2+ 14. Kxd2 Nb4 15. Nc5 $14 {1-0
Georgievski,S-Danek,P/EuClub Cup qual Gp 1997/ (56)}) 12. Kxd2 Bd7 $11) 9...
Nxd4 10. cxd4 Qb6 11. Nb3 a5 12. Qd2 $11) 9. Qb3 (9. dxc5 Qxb2 10. O-O Qxc3 $17
{0-1 Klaric,Z-Novikov Igor A/HUN tt 1992 (63)}) 9... cxd4 10. Qxb6 axb6 11.
Nxd4 Nxd4 12. cxd4 Bd7 13. Ke2 {1/2-1/2 Rozentalis,E-Dreev,A/URS YM Tbilisi
1989/(13)}) 7... Bxc5 8. Bd3 (8. Ne5 O-O 9. Bd3 Nd7 (9... Bd6 10. Ndf3 Qc7 $11)
10. Nxd7 Bxd7 11. O-O Re8 12. e4 $11 {0-1 Tsorbatzoglou,R-Karayani,E/Athens
Akropolis-W ,EXT 1989/ (26)}) (8. Bb5 O-O 9. O-O Bd6 10. Qa4 Ne7 11. Rad1 Bxf4
12. Qxf4 Qb6 13. Qb4 Nf5 14. Qb3 h6 (14... Bd7 $11) 15. Bd3 Qxb3 16. axb3 Ne7
$11 {1-0 Henn,W-Zimmermann,P/OLBaden 1992/(57)}) 8... O-O (8... Bd6 9. Bg5 (9.
Bxd6 Qxd6 10. O-O O-O 11. Qe2 (11. c4 Rd8 12. cxd5 Qxd5 $11) 11... Rd8 12. Rfd1
e5 13. e4 Be6 14. Bb5 Re8 15. exd5 Bxd5 16. c4 Bxf3 17. Nxf3 Qc7 18. c5 e4 $11
{1/2-1/2 Larsen,B-Pachman,L/Sarajevo 1960/ (24)}) 9... Qb6 10. Qb3 Qxb3 11.
axb3 Bd7 12. b4 O-O 13. O-O a6 14. Nb3 Rfe8 $11 {1-0 Mason,J-Englisch,B/London
1883/(53)}) (8... Qe7 9. e4 dxe4 10. Bxe4 O-O 11. Qe2 Nd5 12. Bxd5 exd5 13.
Qxe7 Bxe7 14. Nb3 Bg4 15. Nbd4 {1/2-1/2 Malaniuk,V-Tal,M/Tbilisi 1986/ (15)}) (
8... h6 $6 9. O-O Bd6 10. Bxd6 Qxd6 11. e4 O-O 12. Qe2 e5 (12... Qc7 13. e5 Nd7
14. Rfe1 Nc5 15. Bc2 $14 {1-0 Bulcourf,C-Kanefsck,G/Buenos Aires NAJDORF(3)
1993/ (49)}) 13. exd5 Qxd5 14. Bc4 Qd6 15. Rad1 Bg4 16. h3 Bxf3 17. Nxf3 $14)
9. O-O {This equal position was played not once:} (9. Qc2 Re8 10. b4 Bf8 11.
Bg5 h6 $11 (11... g6 $6 12. b5 Na5 13. h4 e5 14. e4 Bg7 15. h5 $1 {[%csl Rg8]
[%cal Gc2h7]} (15. O-O $6 Qd6 (15... Bg4 $11) 16. Bxf6 Bxf6 $11 {1-0 Sanchez
Perez-Miras Garcia/cr E 1989] (33)}) 15... Be6 16. hxg6 fxg6 17. exd5 Qxd5 18.
c4 $14)) 9... h6 $5 {[%csl Gg5] Interesting idea.In future after e6-e5 Bf4
can't play to g5.} (9... Bd6 $1 10. Bxd6 Qxd6 11. Qe2 (11. e4 Rd8 12. Qe2 dxe4
13. Bxe4 Bd7 14. Bc2 Rac8 $11 {1/2-1/2 Bulcourf,C-Escobar,T/ (84)}) 11... e5
12. e4 Be6 13. Rad1 Qc5 (13... Nh5 14. g3 $14) (13... dxe4 14. Nxe4 Qe7 15.
Nxf6+ Qxf6 16. Rfe1 Bg4 17. Qe4 Qg6 18. Qxg6 hxg6 19. Be4 Bxf3 20. Bxf3 Rfd8
21. Kf1 $14) 14. exd5 Bxd5 15. Ne4 Nxe4 16. Bxe4 Bc4 17. Bd3 Bxd3 18. Qxd3 Rad8
$11 {1-0 Czaya,R-Rohrich/Bad Nauheim 1948/ (29)}) (9... Re8 $5 10. e4 e5 11.
Bg5 Be6 $11 (11... Be7 12. Bxf6 Bxf6 13. exd5 Qxd5 14. Ne4 Qd8 15. Qc2 g6 16.
Rad1 Qe7 17. Nxf6+ Qxf6 18. Be4 Be6 19. Rfe1 $14 {1-0 Krudde,F-Blokhuis,E/
Eindhoven op 1988/EXT 88op2/ (41)})) (9... Nh5 $6 10. Bg5 f6 11. Bh4 e5 12. b4
Bd6 13. b5 Ne7 14. Nxe5 fxe5 15. Qxh5 e4 16. Bc2 Rf5 17. Qd1 Qc7 18. Bg3 Bxg3
19. hxg3 Rg5 (19... Be6 20. Nb3 Qxc3 21. Nd4 Rf6 22. Bb3 $14) 20. c4 $14 {
1-0 Bagheri,A-Guseinov,A/Elista RUS 1998/ (64)}) 10. h3 Re8 (10... Bd6 11. Bxd6
Qxd6 12. e4 Rd8 13. Bc2 dxe4 14. Nxe4 Qe7 15. Nxf6+ Qxf6 16. Qe2 Bd7 $11 {
1/2-1/2 Kharlov Andrei-Khlian E/Ch Russia (club) Azov (Russia) (7) 1996/ (83)})
11. e4 e5 {Standard moves in this variation} 12. Bh2 (12. Bg3 Bb6 $11) 12...
Bb6 (12... d4 13. Nb3 Bd6 14. cxd4 exd4 15. Bxd6 Qxd6 16. Re1 Bd7 17. Rc1 $14)
13. exd5 Qxd5 14. Bc2 (14. Bc4 Qd8 $11) 14... Be6 $5 (14... Qb5 $5 15. Qb1 $140
Be6 16. Re1 Qc5 17. Bg3 {like in the game with a little difference: White Q
placed on b1 instead of d1!} Bd5 18. Nb3 Qd6 $1 $11) 15. Re1 {[%csl Re5][%cal
Ge1e5,Gf3e5,Gh2e5] White organized pressure on e5} Qc5 16. Bg3 Bd5 17. Nb3 Bxb3
$1 (17... Qd6 $4 18. c4 $18) (17... Qe7 18. Nxe5 $1 (18. Nbd4 Rad8 19. Nxe5
Nxd4 20. cxd4 Qb4 $15) 18... Bxf2+ 19. Kxf2 (19. Bxf2 Nxe5 20. Nd4 $14 {
[%csl Gc2,Gf2]}) 19... Bxb3 20. axb3 Qc5+ 21. Kf1 Nxe5 22. Bf2 $16) 18. axb3 e4
(18... Rad8 19. Qb1 a5 20. Bf5 $132 {[%csl Rb2,Rb3,Gf5,Gg3]}) 19. b4 Qh5 20.
Nd2 Rad8 ({Also good was} 20... e3 $5 21. Qxh5 Nxh5 (21... exf2+ 22. Bxf2 Bxf2+
23. Kxf2 Nxh5 24. Rxe8+ Rxe8 25. b5 $16) 22. Nc4 Nxg3 23. fxg3 Rad8 $132) 21.
Qxh5 Nxh5 22. Nxe4 {Now game is transforming to equal endgame with R+P against
B+N. More expierenced A.Miles' chances are better!} Rxe4 $1 ({Wrong was} 22...
Nxg3 $2 23. Nxg3 Bxf2+ (23... g6 $16) 24. Kxf2 Rd2+ 25. Re2 Rexe2+ 26. Nxe2
Rxc2 27. b5 Ne5 28. Rxa7 b6 29. Rb7 $16) 23. Bxe4 Nxg3 24. Bxc6 bxc6 25. Rad1 {
[%mdl 4096]} (25. c4 $5 Bd4 26. c5 Rd7 27. Ra3 Nf5 $132) 25... Rxd1 26. Rxd1
Ne4 27. Kf1 f5 ({Good was also} 27... Bxf2 28. Rd8+ Kh7 29. Rc8 c5 30. Re8 Nd6
31. Ra8 Be3 32. Ke2 Bg1 33. Kf1 Be3 $11) 28. f3 Ng3+ (28... Nf6 $143 $2 29. Rd6
c5 30. bxc5 Bxc5 31. Rc6 Be3 32. Ke2 f4 33. b4 $16) 29. Ke1 f4 $2 $16 {Wrong
endgame evaluation!} ({It was necessary to bring the N to the game!} 29... Nh5
$1 30. Rd6 c5 (30... Nf4 $2 31. Rxc6 (31. Kf1 c5 32. bxc5 Bxc5 33. Rd7 Kf8 34.
b4 Bb6 35. c4 Ne6 36. c5 Bc7 37. b5 Ke8 38. c6 Bb6 $11) 31... Nxg2+ (31... Nd3+
32. Kd2 Nxb2 33. Kc2 $18 {[%csl Rb2]}) 32. Kd2 Kf7 33. c4 Bf2 34. Ra6 g5 35. c5
h5 36. Rxa7+ Ke6 37. Rh7 h4 38. c6 $16) 31. bxc5 Bxc5 32. Rd8+ (32. Rd5 Nf4 $1
33. Rxf5 Nxg2+ 34. Kd2 Bb6 $132) 32... Kf7 33. b4 Bb6 $132) 30. Rd6 $1 c5 (
30... Nf5 $5 31. Rxc6 Ne3 32. Ke2 $1 (32. c4 Nc2+ 33. Kd1 Nxb4 34. Rc8+ Kf7 35.
c5 Ba5 $132) 32... Nxg2 (32... Kf7 33. c4 Bd4 34. Kd3 Bxb2 35. Ra6 $16) 33. c4
Bd4 34. Ra6 Ne3 35. Kd3 Bxb2 36. Rxa7 $16) 31. bxc5 Bxc5 32. Rd5 Bb6 33. b4 {
[%csl Rg3][%cal Gc3c4,Gd5h5] N in offside} Kf7 34. Rd7+ $1 ({Not} 34. c4 $2 Ke6
$132) 34... Kf6 35. c4 Nf5 $2 $18 (35... Bg1 36. c5 a5 37. c6 Bb6 38. c7 Bxc7
39. Rxc7 axb4 40. Rb7 $18) ({The only possibility of resistance was} 35... Ke6
$1 36. Rxg7 Bd4 37. Rg6+ Kf5 38. Rxh6 Bc3+ 39. Kd1 Bxb4 40. Ra6 $16) 36. c5 1-0